Aquaculture and water resource management
The increasing global importance of aquaculture as a food-producing activity is mirrored by the continuing decline in wild fish stocks. With this explosion in aquaculture production have come attendant environmental problems. Owing to its tight linkage with natural ecosystems, it can be argued that...
Guardado en:
| Formato: | Libro |
|---|---|
| Lenguaje: | Undetermined |
| Publicado: |
London
Blackwell Science
1996
|
| Materias: | |
| Etiquetas: |
Agregar Etiqueta
Sin Etiquetas, Sea el primero en etiquetar este registro!
|
| Thư viện lưu trữ: | Trung tâm Học liệu Trường Đại học Cần Thơ |
|---|
| LEADER | 01261nam a2200193Ia 4500 | ||
|---|---|---|---|
| 001 | CTU_149326 | ||
| 008 | 210402s9999 xx 000 0 und d | ||
| 082 | |a 639.8 | ||
| 082 | |b A656 | ||
| 245 | 0 | |a Aquaculture and water resource management | |
| 245 | 0 | |c Edited by Donald J. Baird ... [et. al.] | |
| 260 | |a London | ||
| 260 | |b Blackwell Science | ||
| 260 | |c 1996 | ||
| 520 | |a The increasing global importance of aquaculture as a food-producing activity is mirrored by the continuing decline in wild fish stocks. With this explosion in aquaculture production have come attendant environmental problems. Owing to its tight linkage with natural ecosystems, it can be argued that aquaculture has the potential to have a much more profound impact on environmental quality than terrestrial farming systems of equal size. Moreover, it can also be argued that to become sustainable, practioners of aquaculture must place more emphasis on recognising these linkages, and protecting the ecosystems which nuture and sustain their industry. | ||
| 650 | |a Aquaculture,Aquaculture,Aquaculture industry,Water quality management | ||
| 650 | |x Environmental aspects,Waste disposal | ||
| 904 | |i Trọng Hiếu | ||
| 980 | |a Trung tâm Học liệu Trường Đại học Cần Thơ | ||